| 000 | 00680nam a22001937a 4500 | ||
|---|---|---|---|
| 999 |
_c166349 _d166349 |
||
| 005 | 20190722123834.0 | ||
| 010 | _aENG-126027 | ||
| 020 |
_a9788178441931 _c1495.00 |
||
| 035 | _aEN-109559 | ||
| 037 | _bDBAD/PUB | ||
| 082 | _a302.23 | ||
| 100 | _aDibyanshu Kumar | ||
| 245 |
_aTechnological innovations in media and communications / _cby Dibyanshu Kumar |
||
| 260 |
_aNew Delhi _bR.K. Pulblications _c2018 |
||
| 270 |
_a4806/24, Bharat Ram Road, Darya Ganj _bNew Delhi _e110002 _k011-23285167, 65185557 _minfo@kkpublications.com |
||
| 300 |
_aviii,288p. _c25cm(Hb) |
||
| 500 | _aIncludes bibliographical references and index | ||
| 942 |
_2ddc _cEN _h302.23 _mDIB |
||